| 000 | 00559nam a2200193Ia 4500 | ||
|---|---|---|---|
| 008 | 140626s9999 xx 000 0 und d | ||
| 100 | _aForsberg, Nicole. | ||
| 245 |
_aWildfire smoke exposure : _ba guide for the nurse practitioner (CE) / _cNicole Forsberg ... [et al.]. |
||
| 260 | _cc2012. | ||
| 300 | _a8 : 2, page 98 | ||
| 440 | _aThe Journal for Nurse Practitioners (JNP) | ||
| 521 | _aNUR | ||
| 650 | _aAir pollution. | ||
| 650 | _aEnvironmental. | ||
| 650 | _aParticulate matter. | ||
| 650 | _aPM2.5. | ||
| 650 | _aWildfires. | ||
| 942 | _cSE | ||
| 999 |
_c121416 _d121416 |
||